| 000 | 00585nam a2200169Ia 4500 | ||
|---|---|---|---|
| 008 | 151213s9999 xx 000 0 und d | ||
| 020 | _a984809016-9 | ||
| 100 | _aমো: শামসুল কবীর খান | ||
| 245 |
_aবাংলাদেশের অর্থনীতি _cমো: শামসুল কবীর খান |
||
| 250 | _a৩য় সং | ||
| 260 |
_aঢাকা _bবি ম ক _c2004 |
||
| 300 | _a7198 p. | ||
| 650 | _aEconomics | ||
| 650 | _aঅর্থনীতি | ||
| 700 | _aমো: শামসুল কবীর খান | ||
| 999 |
_c3836 _d3836 |
||